<?xml version="1.0" encoding="UTF-8"?>
<record
    xmlns:xsi="http://www.w3.org/2001/XMLSchema-instance"
    xsi:schemaLocation="http://www.loc.gov/MARC21/slim http://www.loc.gov/standards/marcxml/schema/MARC21slim.xsd"
    xmlns="http://www.loc.gov/MARC21/slim">

  <leader>00767nam a2200157Ia 4500</leader>
  <datafield tag="999" ind1=" " ind2=" ">
    <subfield code="c">27334</subfield>
    <subfield code="d">27334</subfield>
  </datafield>
  <datafield tag="041" ind1=" " ind2=" ">
    <subfield code="a">&#x939;&#x93F;&#x902;&#x926;&#x940;</subfield>
  </datafield>
  <datafield tag="082" ind1=" " ind2=" ">
    <subfield code="a">RP.0341</subfield>
  </datafield>
  <datafield tag="100" ind1=" " ind2=" ">
    <subfield code="a">&#x92A;&#x942;&#x928;&#x92E;</subfield>
    <subfield code="u">&#x936;&#x939;&#x940;&#x926; &#x92D;&#x917;&#x924; &#x938;&#x93F;&#x902;&#x939; &#x917;&#x930;&#x94D;&#x932;&#x94D;&#x938; &#x921;&#x93F;&#x917;&#x94D;&#x930;&#x940; &#x915;&#x949;&#x932;&#x947;&#x91C;</subfield>
    <subfield code="v">&#x92E;&#x947;&#x930;&#x920;</subfield>
  </datafield>
  <datafield tag="245" ind1=" " ind2="0">
    <subfield code="a">&#x92A;&#x930;&#x94D;&#x935;&#x924;&#x940;&#x92F; &#x915;&#x94D;&#x937;&#x947;&#x924;&#x94D;&#x930;&#x94B;&#x902; &#x915;&#x940; &#x92E;&#x939;&#x93F;&#x932;&#x93E;&#x90F;&#x901; :</subfield>
    <subfield code="b">&#x90F;&#x915; &#x91A;&#x941;&#x928;&#x94C;&#x924;&#x940;&#x92A;&#x942;&#x930;&#x94D;&#x923; &#x92D;&#x942;&#x92E;&#x93F;&#x915;&#x93E; &#x92E;&#x947;&#x902; /</subfield>
    <subfield code="c">&#x92A;&#x942;&#x928;&#x92E;</subfield>
  </datafield>
  <datafield tag="260" ind1=" " ind2=" ">
    <subfield code="a">&#x928;&#x908; &#x926;&#x93F;&#x932;&#x94D;&#x932;&#x940; :</subfield>
    <subfield code="b">&#x92D;&#x93E;&#x930;&#x924;&#x940;&#x92F; &#x938;&#x93E;&#x92E;&#x93E;&#x91C;&#x93F;&#x915; &#x935;&#x93F;&#x91C;&#x94D;&#x91E;&#x93E;&#x928;&#x902; &#x905;&#x928;&#x941;&#x938;&#x928;&#x94D;&#x927;&#x93E;&#x928; &#x92A;&#x930;&#x93F;&#x937;&#x926;, </subfield>
    <subfield code="c">2017</subfield>
  </datafield>
  <datafield tag="300" ind1=" " ind2=" ">
    <subfield code="a">174 p.</subfield>
  </datafield>
  <datafield tag="536" ind1=" " ind2=" ">
    <subfield code="a">Indian Council of Social Science Research</subfield>
  </datafield>
  <datafield tag="546" ind1=" " ind2=" ">
    <subfield code="a">Hindi</subfield>
  </datafield>
  <datafield tag="650" ind1=" " ind2=" ">
    <subfield code="a">Women</subfield>
    <subfield code="x">Social conditions</subfield>
    <subfield code="z">India</subfield>
  </datafield>
  <datafield tag="942" ind1=" " ind2=" ">
    <subfield code="c">RP</subfield>
    <subfield code="2">ddc</subfield>
  </datafield>
  <datafield tag="952" ind1=" " ind2=" ">
    <subfield code="0">0</subfield>
    <subfield code="1">0</subfield>
    <subfield code="2">ddc</subfield>
    <subfield code="4">0</subfield>
    <subfield code="7">1</subfield>
    <subfield code="8">MIRP</subfield>
    <subfield code="a">NASSDOC</subfield>
    <subfield code="b">NASSDOC</subfield>
    <subfield code="d">2021-12-17</subfield>
    <subfield code="e">Gifted by: RP Division ICSSR</subfield>
    <subfield code="l">0</subfield>
    <subfield code="o">RP.0341</subfield>
    <subfield code="p">51931</subfield>
    <subfield code="r">2022-01-28 00:00:00</subfield>
    <subfield code="y">RP</subfield>
  </datafield>
</record>
